| 000 | 00522nam a2200205Ia 4500 | ||
|---|---|---|---|
| 003 | OSt | ||
| 005 | 20260209114149.0 | ||
| 008 | 210210b2010 xxu||||| |||| 00| 0 eng d | ||
| 040 | _cAL | ||
| 041 | _aKannada | ||
| 082 | _aK894.3 GITM | ||
| 100 |
_aGITA (B U) _dಗೀತಾ (ಬಿ ಯು) _9254086 |
||
| 245 |
_aMithya _b ಮಿಥ್ಯಾ |
||
| 260 |
_aBengaLuru _bAnkita Pustaka _c2010 |
||
| 300 | _a152 | ||
| 650 |
_aMithya _9254087 |
||
| 690 |
_aKannada Fiction _9254088 |
||
| 906 | _a065189 | ||
| 942 |
_2ddc _cBK |
||
| 999 |
_c142871 _d142871 |
||